A history of Kashmir / (Record no. 24092)

MARC details
000 -LEADER
fixed length control field 03215nam a22003617a 4500
005 - DATE AND TIME OF LATEST TRANSACTION
control field 20090219141343.0
008 - FIXED-LENGTH DATA ELEMENTS--GENERAL INFORMATION
fixed length control field 090219t xxu||||| |||| 00| 0 eng d
010 ## - LCCN (DPL NO)
LC control number B-341020-030
020 ## - INTERNATIONAL STANDARD BOOK NUMBER
International Standard Book Number 9788170493136
Terms of availability 295.00
035 ## - SYSTEM CONTROL NUMBER
System control number B-341020-030
037 ## - SOURCE OF ACQUISITION
Source of stock number/acquisition Manas Publications
040 ## - CATALOGING SOURCE
Original cataloging agency dpl
Language of cataloging English
082 ## - DEWEY DECIMAL CLASSIFICATION NUMBER
Classification number 954.11
100 ## - MAIN ENTRY--PERSONAL NAME
Personal name Dewan, Parvez
245 ## - TITLE STATEMENT
Title A history of Kashmir /
Statement of responsibility, etc by Parvez Dewan
260 ## - PUBLICATION, DISTRIBUTION, ETC. (IMPRINT)
Place of publication, distribution, etc New Delhi
Name of publisher, distributor, etc Manas Publications
Date of publication, distribution, etc 2008
270 ## - ADDRESS
Address 4402/5A, Main Ansari Road, Darya Ganj
City New Delhi
Postal code 110002
Telephone number 23260783,23265523
Fax number 011-23272766
Electronic mail address manaspublications@vsnl.com
300 ## - PHYSICAL DESCRIPTION
Extent 234p.:
Other physical details maps
Dimensions 24cm.(pbk)
500 ## - GENERAL NOTE
General note includes index
942 ## - ADDED ENTRY ELEMENTS (KOHA)
Source of classification or shelving scheme Dewey Decimal Classification
Item type English Books
Classification part 954.11
Call number suffix DEW
Holdings
Withdrawn status Lost status Source of classification or shelving scheme Damaged status Not for loan Collection code Home library Current library Date acquired Source of acquisition Cost, normal purchase price Total Checkouts Full call number Barcode Date last seen Copy number Cost, replacement price Koha item type Total Renewals Checked out
    Dewey Decimal Classification     Non-fiction Bagh Kadhe Khan Bagh Kadhe Khan 05/11/2009 Manas Publications/IN62/11.6.09/45/5.6.09/17.6.09 295.00   954.11 DEW B-341027 05/11/2009 1 295.00 English Books    
    Dewey Decimal Classification     Non-fiction Bawana Bawana 05/11/2009 Manas Publications/IN62/11.6.09/45/5.6.09/17.6.09 295.00 2 954.11 DEW B-341029 30/09/2019 1 295.00 English Books    
    Dewey Decimal Classification     Non-fiction Central Library Central Library 19/02/2009 Manas Publications/IN62/11.6.09/45/5.6.09/17.6.09 295.00   954.11 DEW B-341020 19/02/2009 1 295.00 English Books    
    Dewey Decimal Classification     Non-fiction Janak Puri Janak Puri 05/11/2009 Manas Publications/IN62/11.6.09/45/5.6.09/17.6.09 295.00 7 954.11 DEW B-341023 21/05/2011 1 295.00 English Books 1 04/06/2011
    Dewey Decimal Classification     Non-fiction Karol Bagh Karol Bagh 05/11/2009 Manas Publications/IN62/11.6.09/45/5.6.09/17.6.09 295.00   954.11 DEW B-341026 05/11/2009 1 295.00 English Books    
    Dewey Decimal Classification     Non-fiction Narela Narela 05/11/2009 Manas Publications/IN62/11.6.09/45/5.6.09/17.6.09 295.00   954.11 DEW B-341028 05/11/2009 1 295.00 English Books    
    Dewey Decimal Classification     Non-fiction Patel Nagar Patel Nagar 05/11/2009 Manas Publications/IN62/11.6.09/45/5.6.09/17.6.09 295.00 3 954.11 DEW B-341021 03/12/2018 1 295.00 English Books    
    Dewey Decimal Classification     Non-fiction Peshwa Road Peshwa Road 05/11/2009 Manas Publications/IN62/11.6.09/45/5.6.09/17.6.09 295.00   954.11 DEW B-341022 05/11/2009 1 295.00 English Books    
    Dewey Decimal Classification     Non-fiction Sarojini Nagar Sarojini Nagar 05/11/2009 Manas Publications/IN62/11.6.09/45/5.6.09/17.6.09 295.00 3 954.11 DEW B-341024 03/10/2019 1 295.00 English Books 1  
    Dewey Decimal Classification     Non-fiction Shahdara Branch Shahdara Branch 05/11/2009 Manas Publications/IN62/11.6.09/45/5.6.09/17.6.09 295.00 3 954.11 DEW B-341030 18/07/2022 1 295.00 English Books 1  
    Dewey Decimal Classification     Non-fiction Vinoba Puri Vinoba Puri 05/11/2009 Manas Publications/IN62/11.6.09/45/5.6.09/17.6.09 295.00 7 954.11 DEW B-341025 23/08/2016 1 295.00 English Books    

© Delhi Public Library
Hit Counter
free hit counter